000
00311nam a22001457a 4500
008
231004b ||||| |||| 00| 0 eng d
020
_a
0393025365
041
_a
eng
080
_a
521
082
_a
521CHA
100
_a
19
101
_a
ASTRO
245
_a
RELATIVELY SPEAKING
_c
CHAISSON.E
942
_2
udc
_c
BK
999
_c
60425
_d
60425